[Event "Montreal Juste pour jouer"]
[Site "Montreal"]
[Date "2012.10.08"]
[Round "6"]
[White "Luo, Jia Yu"]
[Black "Gunn, Richard"]
[Result "0-1"]
[WhiteElo "801"]
[BlackElo "1112"]
[PlyCount "74"]
[EventDate "2012.10.05"]
[EventType "swiss"]
[EventRounds "7"]
[EventCountry "CAN"]
[SourceTitle "EXT 2022"]
[Source "ChessBase"]
[SourceDate "2021.10.06"]
[SourceVersion "1"]
[SourceVersionDate "2021.10.06"]
[SourceQuality "1"]

1. e4 c5 2. Nf3 Nc6 3. d4 cxd4 4. Nxd4 d6 5. Nc3 g6 6. Bc4 Bg7 7. Be3 a6 8. 0-0 Na5 9. Qd3 Nxc4 10. Qxc4 b5 11. Qd5 Bd7 12. Nc6 Qc7 13. Na5 Rc8 14. Nb3 Be6 15. Qd3 Bc4 16. Qd2 Bxf1 17. Rxf1 Bxc3 18. bxc3 Qxc3 19. Qxc3 Rxc3 20. Bd4 Rxc2 21. Bxh8 Rxa2 22. Rc1 f6 23. Rc8+ Kf7 24. h3 Rb2 25. Nd4 Rb1+ 26. Kh2 Rb4 27. Nc6 Rxe4 28. Rc7 Nh6 29. Nd8+ Kg8 30. Nc6 Kxh8 31. Nxe7 Nf5 32. Rc8+ Kg7 33. Nxf5+ gxf5 34. Rc7+ Kg6 35. Rc6 a5 36. Ra6 a4 37. Ra5 Rb4 0-1